Biblioteca y Centro de Documentación

El Derecho del trabajo en la emergencia de la pandemia de la COVID-19 (Registro nro. 52108)

Detalles MARC
000 -CABECERA
Longitud fija campo de control 01320nam a2200337.c 4500
001 - NÚMERO DE CONTROL
Número de control 52108
003 - IDENTIFICADOR DE NÚMERO DE CONTROL
Identificador del número de control ES-MaCES
005 - FECHA Y HORA DE LA ÚLTIMA TRANSACCIÓN
Fecha y hora de la última transacción 20250203133759.0
008 - CAMPO FIJO DE DESCRIPCIÓN FIJA--INFORMACIÓN GENERAL
Códigos de información de longitud fija   220207s2021 sp ||||| |||||||||||spa|d
017 ## - NÚMERO DE REGISTRO DE DERECHOS DE AUTOR Y DEPÓSITO LEGAL
Número de copyright o de depósito legal M 33118-2021
Agencia que asigna el número DL
020 ## - ISBN (INTERNATIONAL STANDARD BOOK NUMBER)
Número Internacional Normalizado para Libros (ISBN) 9788472963887
040 ## - FUENTE DE CATALOGACIÓN
Centro catalogador de origen ES-MaCES
Centro transcriptor ES-MaCES
Lengua de catalogación spa
100 1# - ENCABEZAMIENTO PRINCIPAL--NOMBRE PERSONAL
9 (RLIN) 9200
Nombre de persona Casas Baamonde, María Emilia
245 13 - MENCIÓN DE TÍTULO
Título El Derecho del trabajo en la emergencia de la pandemia de la COVID-19
Resto del título : ¿y después?
Mención de responsabilidad, etc. discurso de recepción de la Académica de Número María Emilia Casas Baamonde [y contestación por (...) Fernando Suárez González]
260 ## - PUBLICACIÓN, DISTRIBUCIÓN, ETC (PIE DE IMPRENTA)
Lugar de publicación, distribución, etc. Madrid
Nombre del editor, distribuidor, etc. Real Academia de Ciencias Morales y Políticas (Madrid)
Fecha de publicación, distribución, etc. 2021
300 ## - DESCRIPCIÓN FÍSICA
Extensión 299 p.
Otras características físicas 2 cm
500 ## - NOTA GENERAL
Nota general En la port.: Sesión del día 30 de nov. de 2021
650 #4 - ASIENTO SECUNDARIO DE MATERIA--TÉRMINO DE MATERIA
9 (RLIN) 39751
Término de materia o nombre geográfico como elemento inicial Covid-19
650 #4 - ASIENTO SECUNDARIO DE MATERIA--TÉRMINO DE MATERIA
9 (RLIN) 30732
Término de materia o nombre geográfico como elemento inicial evaluación del impacto
650 #4 - ASIENTO SECUNDARIO DE MATERIA--TÉRMINO DE MATERIA
9 (RLIN) 27165
Término de materia o nombre geográfico como elemento inicial derecho del trabajo
650 #4 - ASIENTO SECUNDARIO DE MATERIA--TÉRMINO DE MATERIA
9 (RLIN) 27166
Término de materia o nombre geográfico como elemento inicial legislación del trabajo
650 #4 - ASIENTO SECUNDARIO DE MATERIA--TÉRMINO DE MATERIA
9 (RLIN) 29892
Término de materia o nombre geográfico como elemento inicial reforma legislativa
650 #4 - ASIENTO SECUNDARIO DE MATERIA--TÉRMINO DE MATERIA
9 (RLIN) 26964
Término de materia o nombre geográfico como elemento inicial España
650 #4 - ASIENTO SECUNDARIO DE MATERIA--TÉRMINO DE MATERIA
9 (RLIN) 29866
Término de materia o nombre geográfico como elemento inicial derecho comunitario
650 #4 - ASIENTO SECUNDARIO DE MATERIA--TÉRMINO DE MATERIA
9 (RLIN) 26752
Término de materia o nombre geográfico como elemento inicial UE
653 10 - TÉRMINO DE INDEXACIÓN--NO CONTROLADO
Término no controlado Derecho del trabajo y Seguridad Social
700 1# - ENCABEZAMIENTO SECUNDARIO--NOMBRE PERSONAL
9 (RLIN) 24532
Nombre de persona Suárez González, Fernando
710 2# - ENCABEZAMIENTO SECUNDARIO--NOMBRE CORPORATIVO
9 (RLIN) 40172
Nombre de entidad o nombre de jurisdicción como elemento inicial Real Academia de Ciencias Morales y Políticas (Madrid)
Término indicativo de función ed.
902 ## - CES. TIPO DE DOCUMENTO
Tipodoc (006$c Sirtex) LIB Libro
942 ## - ELEMENTOS KOHA
Fuente de clasificaión o esquema Clasificación propia del CES
Koha [por defecto] tipo de item Monografías
Parte de clasificación Derecho del Trabajo y Seguridad Social
Existencias
Número de registro Signatura completa Tipo de item de Koha
092550 SR-6.0.1.-1050 Monografías
© CES, Consejo Económico y Social de España 2021